Random Movies by Country - Statistics

General Stats
  • This quiz has been taken 198 times
  • The average score is 10 of 20
Answer Stats
Movie Country % Correct
Osama Afghanistan
100%
Mad Max Australia
100%
Amadeus Austria
100%
The Killing Fields Cambodia
100%
Crouching Tiger, Hidden Dragon China
100%
The Mummy: Tomb of the Dragon Emperor China
100%
The Karate Kid (2010) China
100%
Jurassic Park Costa Rica
100%
The Mummy Egypt
100%
Cleopatra Egypt
100%
Before Sunset France
100%
Hugo France
100%
La Vie en Rose France
100%
Les Misérables France
100%
Moulin Rouge! France
100%
Ratatouille France
100%
Taken France
100%
The Aristocats France
100%
The Phantom of the Opera France
100%
300 Greece
100%
Gandhi India
100%
The Darjeeling Limited India
100%
The Jungle Book India
100%
Septembers of Shiraz Iran
100%
Persepolis Iran
100%
Call Me by Your Name Italy
100%
Roman Holiday Italy
100%
Memoirs of a Geisha Japan
100%
The Twilight Samurai Japan
100%
Amores perros Mexico
100%
Desperado Mexico
100%
El Mariachi Mexico
100%
Frida Mexico
100%
Y Tu Mamá También Mexico
100%
Everest Nepal
100%
Lionheart Nigeria
100%
Ida Poland
100%
The Pianist Poland
100%
Hotel Rwanda Rwanda
100%
Gorillas in the Mist Rwanda
100%
Mandela: Long Walk to Freedom South Africa
100%
District 9 South Africa
100%
Oldboy South Korea
100%
Parasite South Korea
100%
Vicky Cristina Barcelona Spain
100%
The Girl With The Dragon Tattoo Sweden
100%
The Seventh Seal Sweden
100%
The Last King of Scotland Uganda
100%
Mary Poppins United Kingdom
100%
Paddington United Kingdom
100%
V for Vendetta United Kingdom
100%
A Star Is Born United States
100%
Brokeback Mountain United States
100%
Dirty Dancing United States
100%
Gone with the Wind United States
100%
Manchester by the Sea United States
100%
Black Swan United States
100%
Milk United States
100%
The Lighthouse United States
100%
The Shape of Water United States
100%
Us United States
100%
The Karate Kid (1984) United States
100%
The Deer Hunter Vietnam
100%
Straight Outta Compton United States
86%
Spartacus Italy
83%
Trainspotting United Kingdom
83%
La Dolce Vita Italy
80%
Godzilla Japan
80%
Train to Busan South Korea
80%
Driving Miss Daisy United States
80%
Rio Brazil
75%
Angela's Ashes Ireland
75%
Girl with a Pearl Earring Netherlands
75%
In the Name of the Father United Kingdom
75%
There Will Be Blood United States
75%
Platoon Vietnam
75%
The Kite Runner Afghanistan
67%
Finding Nemo Australia
67%
Sissi Austria
67%
Empire of the Sun China
67%
The Ten Commandments Egypt
67%
Marie Antoinette France
67%
Dangal India
67%
Argo Iran
67%
Life Is Beautiful Italy
67%
Lost in Translation Japan
67%
My Neighbor Totoro Japan
67%
Schindler's List Poland
67%
Doctor Zhivago Russia
67%
Zulu South Africa
67%
Biutiful Spain
67%
The 100-Year Old Man Who Climbed Out of the Window and Disappeared Sweden
67%
A Quiet Place United States
67%
Spotlight United States
67%
The Revenant United States
67%
Apocalypse Now Vietnam
67%
The Sound of Music Austria
50%
The Third Man Austria
50%
In Bruges Belgium
50%
The Broken Circle Breakdown Belgium
50%
X-Men Origins: Wolverine Canada
50%
Neruda Chile
50%
Enter the Dragon China
50%
Beowulf Denmark
50%
X-Men: Apocalypse Egypt
50%
Portrait of a Lady on Fire France
50%
Taxi France
50%
The Da Vinci Code France
50%
Cabaret Germany
50%
The White Ribbon Germany
50%
3 Idiots India
50%
The Quiet Man Ireland
50%
Cinema Paradiso Italy
50%
Battle Royale Japan
50%
Ponyo Japan
50%
Ring Japan
50%
Out of Africa Kenya
50%
Coco Mexico
50%
The Kingdom Saudi Arabia
50%
Pan's Labyrinth Spain
50%
Fanny and Alexander Sweden
50%
Heidi Switzerland
50%
Kickboxer Thailand
50%
The Beach Thailand
50%
Troy Turkey
50%
The Full Monty United Kingdom
50%
Get Out United States
50%
Hidden Figures United States
50%
Up Venezuela
50%
Indochine Vietnam
50%
Elle France
40%
Timbuktu Mali
40%
Moonlight United States
40%
The Two Popes Vatican City
40%
The Illusionist Austria
33%
Juno Canada
33%
Farewell My Concubine China
33%
House of Flying Daggers China
33%
Lust, Caution China
33%
1917 France
33%
Saving Private Ryan France
33%
Valkyrie Germany
33%
Before Midnight Greece
33%
Lagaan India
33%
Lion India
33%
Nine Italy
33%
Rashomon Japan
33%
The Wind Rises Japan
33%
Mogambo Kenya
33%
Sahara Mali
33%
Roma Mexico
33%
The Bridge on the River Kwai Myanmar
33%
At Eternity's Gate Netherlands
33%
Rocky IV Russia
33%
Taken 2 Turkey
33%
The Hunt Denmark
29%
Wild Tales Argentina
25%
Jojo Rabbit Austria
25%
Exodus: Gods and Kings Egypt
25%
Philomena Ireland
25%
Shoplifters Japan
25%
The First Grader Kenya
25%
Crazy Rich Asians Singapore
25%
A Man Called Ove Sweden
25%
Children of Heaven Iran
20%
Tears of the Sun Nigeria
20%
Never Look Away Germany
17%
Kubo and the Two Strings Japan
17%
Rambo II Afghanistan
0%
The Breadwinner Afghanistan
0%
Outside the Law Algeria
0%
Z Algeria
0%
Days of Glory Algeria
0%
Evita Argentina
0%
The Secret in Their Eyes Argentina
0%
Rabbit-Proof Fence Australia
0%
The Dressmaker Australia
0%
Before Sunrise Austria
0%
Defiance Belarus
0%
Two Days, One Night Belgium
0%
No Man's Land Bosnia and Herzegovina
0%
City of God Brazil
0%
Fast Five Brazil
0%
Elite Squad Brazil
0%
Central Station Brazil
0%
First They Killed My Father Cambodia
0%
The Missing Picture Cambodia
0%
Black and White in Color Cameroon
0%
Strange Brew Canada
0%
The Barbarian Invasions Canada
0%
A Fantastic Woman Chile
0%
No Chile
0%
Curse of the Golden Flower China
0%
The Grandmaster China
0%
The Last Emperor China
0%
The Mummy: Tomb of the Dragon Emperor China
0%
Before Night Falls Cuba
0%
Kolya Czech Republic
0%
Triple X Czech Republic
0%
A Royal Affair Denmark
0%
After the Wedding Denmark
0%
In a Better World Denmark
0%
Land of Mine Denmark
0%
The Unknown Soldier Finland
0%
Amélie France
0%
Chocolat France
0%
The Hundred-Foot Journey France
0%
The Transporter France
0%
Downfall Germany
0%
Run Lola Run Germany
0%
The Book Thief Germany
0%
The Lives of Others Germany
0%
Mamma Mia! Greece
0%
Son of Saul Hungary
0%
An American Rhapsody Hungary
0%
On Body and Soul Hungary
0%
PK India
0%
Slumdog Millionaire India
0%
A Separation Iran
0%
The Salesman Iran
0%
American Sniper Iraq
0%
Buried Iraq
0%
Green Zone Iraq
0%
The Hurt Locker Iraq
0%
Three Kings Iraq
0%
P.S. I Love You Ireland
0%
Footnote Israel
0%
Waltz with Bashir Israel
0%
Maléna Italy
0%
The Great Beauty Italy
0%
The Tourist Italy
0%
47 Ronin Japan
0%
Departures Japan
0%
Seven Samurai Japan
0%
Silence Japan
0%
Spirited Away Japan
0%
The Last Samurai Japan
0%
Yojimbo Japan
0%
The Constant Gardener Kenya
0%
I Dreamed of Africa Kenya
0%
Nowhere in Africa Kenya
0%
Capernaum Lebanon
0%
The Insult Lebanon
0%
The Boy Who Harassed the Wind Malawi
0%
Like Water for Chocolate Mexico
0%
Casablanca Morocco
0%
The Man Who Knew Too Much Morocco
0%
Queen of the Desert Morocco
0%
Babel Morocco
0%
The Lady Myanmar
0%
Character Netherlands
0%
Soldier of Orange Netherlands
0%
Twin Sisters Netherlands
0%
Hunt for the Wilderpeople New Zealand
0%
The Piano New Zealand
0%
Amigo (2010) Philippines
0%
Cold War Poland
0%
Anna Karenina Russia
0%
Enemy at the Gates Russia
0%
Loveless Russia
0%
The Death of Stalin Russia
0%
The Last Station Russia
0%
Atlantics Senegal
0%
Black Hawk Down Somalia
0%
Chappie South Africa
0%
Safe House South Africa
0%
Invictus South Africa
0%
Tsotsi South Africa
0%
Jock of the Bushveld South Africa
0%
Memoirs of Murder South Korea
0%
The Handmaiden South Korea
0%
The Host South Korea
0%
Pain and Glory Spain
0%
The Sea Inside Spain
0%
The Wife Sweden
0%
A Dangerous Method Switzerland
0%
Eat Drink Man Woman Taiwan
0%
The Hangover Part II Thailand
0%
The Impossible Thailand
0%
Mustang Turkey
0%
The Water Diviner Turkey
0%
Queen of Katwe Uganda
0%
Mission Impossible: Ghost Protocol United Arab Emirates
0%
Sex and the City 2 United Arab Emirates
0%
Billy Elliot United Kingdom
0%
Darkest Hour United Kingdom
0%
Phantom Thread United Kingdom
0%
The Favourite United Kingdom
0%
Birdman United States
0%
Ford V Ferrari United States
0%
La La Land United States
0%
Little Women United States
0%
Nocturnal Animals United States
0%
Robocop United States
0%
The Big Lebowski United States
0%
The Irishman United States
0%
Casualties of War Vietnam
0%
Rambo: First Blood Part II Vietnam
0%
No matching quizzes found
Score Distribution
Percent of People with Each Score
Percentile by Number Answered
Your Score History
You have not taken this quiz